| 000 | 00000nam##2200000za#4500 |
| 001 | 9.697408 |
| 003 | CaOODSP |
| 005 | 20210929082801 |
| 007 | cr ||||||||||| |
| 008 | 150407|2001||||xxc|||||o f|0| 0 eng|d |
| 040 | |aCaOODSP|beng |
| 043 | |an-cn--- |
| 086 | 1 |aFo4-14/2-2001E-PDF |
| 110 | 1 |aCanada. |bNatural Resources Canada. |bCanadian Forest Service. |
| 245 | 10|aCanada's forests : |h[electronic resource]|ba breath of fresh air / |c[published by] Canadian Forestry Association. |
| 246 | 3 |aA teaching kit. Volume 2, Climate change |
| 260 | |aOttawa - Ontario : |bNatural Resources Canada. |c2001. |
| 300 | |a44p.|bfigs., glossary, illus. (some coloured), map, photographs |
| 520 | 3 |aProvides educators with the tools to help young people better understand the value of forests and the importance of protecting and conserving them. |
| 590 | |a13-06-Supp|b2013-03-19 |
| 690 | 07|aClimate change|2gcpds |
| 690 | 07|aForests|2gcpds |
| 775 | 08|tLes forêts du Canada : |w(CaOODSP)9.641455 |
| 776 | 0#|tCanada's forests : |w(CaOODSP)9.651208 |
| 856 | 40|ahttp://publications.gc.ca|qPDF|s2.78 MB|uhttps://publications.gc.ca/collections/collection_2013/rncan-nrcan/Fo4-14-2-2001-eng.pdf |